The 'Three Names' Game Quiz Stats

 Plays Quiz Updated Nov 15, 2018

Support Sporcle.
Go Orange.
Score 0/60 Timer 05:00
0 Plays Today
% Correct
Jessica
95.4%
Sarah
95%
Parker
94.1%
Sacha
85.2%
Cohen
84.9%
Baron
84.6%
Patrick
83.2%
Neil
82.5%
Harris
82.4%
Earl
82.1%
James
81.6%
Jones
81%
Coppola
80.9%
Francis
80.4%
Ford
79.3%
Bonham
77.7%
Helena
77.3%
Carter
77%
Seymour
75.4%
Phillip
74.9%
Hoffman
74.3%
Jamie
70.6%
Lee
70.5%
Curtis
69.7%
Melissa
67.4%
Joan
66.9%
Bob
66.9%
Billy
66.6%
Jennifer
66%
Hart
65.8%
% Correct
Love
65.8%
Thornton
65.4%
Hewitt
64.9%
Lou
62.1%
Diamond
61.9%
David
61.8%
Hyde
61%
Phillips
61%
Pierce
59.7%
Keshia
58%
Gosselaar
55.9%
Mark
55.6%
Paul
55.5%
Soleil
54.6%
Moon
54.5%
Knight
54.5%
Jonathan
54%
Rhys
53.2%
Frye
53%
Rachel
52.1%
Meyers
50.5%
Pulliam
50%
Wood
49.1%
Evan
49.1%
Debra
44.4%
Jo
42.6%
Marcia
42.5%
Gay
41.8%
Harden
39.8%
Rupp
36.7%

From the Vault

Kirby Games

by ICEyun

Gaming 5m
You have to think Kirby gets a lot of indigestion from eating so many bad guys.
Remove Ads.
Support Sporcle.
Get the best of Sporcle when you Go Orange. This ad-free experience offers more features, more stats, and more fun while also helping to support Sporcle. Thank you for becoming a member.

Show Comments

Extras

Top Quizzes Today


Score Distribution

Your Account Isn't Verified!

In order to create a playlist on Sporcle, you need to verify the email address you used during registration. Go to your Sporcle Settings to finish the process.

Report this User

Report this user for behavior that violates our Community Guidelines.

Details: